Souborný katalog zahraničních periodik v knihovnách a istitucích ČSSR 1527-1964

Bibliographic Details
Format: Book
Language:Undetermined
Published: Praha Státní knihovna ČSR 1980
Edition:1. čes. vyd.

MARC

LEADER 00000nam a2200000 a 4500
001 vtls001459106
003 SK-MaSNL
005 20260224113914.0
008 210928s1980 xx 0 und
035 |a SNK000414413 
040 |a SNK  |b slo  |c SNK  |e AACR2 
245 1 |a Souborný katalog zahraničních periodik  |b v knihovnách a istitucích ČSSR 1527-1964 
250 |a 1. čes. vyd. 
260 |a Praha  |b Státní knihovna ČSR  |c 1980 
300 |a 163, 20 s. 
958 |a OND 
999 |c 987921  |d 989851 
952 |t P60, <04>, [BOOK], {604}  |a SNK  |b SNK  |y VYP  |7 0  |p 17A0394932  |o snkIB 44909/1/1 D1  |i snkKIP 1056/81  |0 0  |1 1  |4 0  |d 2003-08-27  |l 0  |r 2005-01-02 00:00:00  |w 2026-02-24